Regiões Hidrográficas do Brasil - Statistics

Estatísticas Gerais
  • Esse quiz foi jogado 60 vezes
  • A pontuação média é 7 de 12
Estatísticas das Respostas
Área (km²) Estados Região Hidrográfica % Correto
3 800 000 AC, AM, RR, RO, MT, PA e AP Amazônica
96%
640 000 SE, AL, PE, BA, GO, MG e DF São Francisco
81%
879 860 MG, GO, MS, SP, PR, SC e DF Paraná
79%
967 059 GO, MT, TO, MA, PA e DF Tocantins-Araguaia
75%
363 442 MT e MS Paraguai
65%
174 612 RS e SC Uruguai
65%
344 112 PI, MA e CE Parnaíba
54%
185 856 SP, PR, SC e RS Atlântico Sul
46%
374 677 SE, BA, MG e ES Atlântico Leste
38%
229 972 ES, MG, RJ, SP e PR Atlântico Sudeste
33%
254 100 MA e PA Atlântico Nordeste Ocidental
23%
287 348 CE, RN, PB, PE e AL Atlântico Nordeste Oriental
23%
Nenhum quiz correspondente encontrado
Distribuição das Pontuações
Porcentagem de Pessoas com Cada Pontuação
Percentil de Números Respondidos
Sua Pontuação Histórica
Você não jogou esse quiz